000 00529nmm a2200169Ia 4500
008 251105s9999||||xx |||||||||||||||||und||
020 _a9788498301007
041 _aspa
100 _aPlazaola Artola, Juan, S.I.
245 0 _aIntroducción a la Estética :
_b Historia, Teoría, Textos
264 _a[Madrid, España] :
_bUniversidad de Deusto,
_c2007
300 _a624 páginas
490 _aVerde - Serie Filosofía
650 _aArts in general
856 _uhttps://public.digitaliapublishing.com/a/15183
942 _cCF
999 _c91554
_d91554